LEADER 00499nam a2200169 i 4500 001 000000104059 003 CaOOAMICUS 005 20260331155414.0 008 011026s1972 it u000 u mul u 040 $aSeMil$bita 245 10$a2: M-Z. 300 $aP. 762-1472. 773 0 $tItaliano-Inglese.$g[Tomo 2.]$w()1423 850 $aSeMil 852 $aSeMil$W1$xVenegono$y1$m1P VI 24/2$j269464$B60504$CSeMilBibl$Z2$F44967 $81 996 $6245$a2: M-Z$9(OLS)http://semarc/title/425435